000 nam a22 7a 4500
999 _c9250
_d9250
008 180125b ||||| |||| 00| 0 eng d
100 _aBhalla G S
_95509
245 _aCondition of Indian personality
260 _aNew Delhi
_bNational Publication
_c2007